00358nam a22001217a 4500003000600000005001700006008004100023040000800064082001800072245008000090260005400170300001200224GBCCL20241126110701.0220202b ||||| |||| 00| 0 eng d cgbc aSOU PEAb2021 aPearsonmun platinum jubilee souvenir : btutan Toupa'n hon pi 1 samuel 7;12 aPearsonmun : bThe people of Pearsonmun, c2021.  a170p. ;